[Event "Thüringenliga 2012/2013"]
[Site "?"]
[Date "2013.02.17"]
[Round "7"]
[White "Wahlicht, Mike"]
[Black "Philipp, Michael"]
[Result "1-0"]
[WhiteElo "1830"]
[BlackElo "1972"]
[PlyCount "65"]
[EventDate "2013.??.??"]
[WhiteTeam "SV Empor Erfurt"]
[BlackTeam "SSV Vimaria 91 Weimar"]

1. e4 c5 2. c3 e5 3. Nf3 Nc6 4. Bc4 Be7 5. O-O Nf6 6. d4 exd4 7. cxd4 Nxe4 8.
d5 Na5 9. Bd3 Nf6 10. Nc3 a6 11. Re1 O-O 12. d6 Bxd6 13. Bxh7+ Nxh7 14. Qxd6 b6
15. Nd5 Nb7 16. Ne7+ Kh8 17. Qg3 Re8 18. Qh4 f6 19. Ng6+ Kg8 20. Bf4 Re6 21.
Qg3 Qe8 22. h4 Nd8 23. Bc7 b5 24. Bb6 Bb7 25. Nf4 Rxe1+ 26. Rxe1 Ne6 27. Bxc5
Rc8 28. b4 Qf7 29. Ng6 Bxf3 30. Ne7+ Kh8 31. Nxc8 Bd5 32. Ne7 Bxa2 33. Ng6+ 1-0

[Event "Thüringenliga 2012/2013"]
[Site "?"]
[Date "2013.02.17"]
[Round "7"]
[White "Riedel, Finn"]
[Black "Renner, Wolfgang"]
[Result "1-0"]
[WhiteElo "1988"]
[BlackElo "1761"]
[PlyCount "33"]
[EventDate "2013.??.??"]
[WhiteTeam "SSV Vimaria 91 Weimar"]
[BlackTeam "SV Empor Erfurt"]

1. f4 d5 2. Nf3 Nf6 3. e3 g6 4. b3 Bg7 5. Bb2 c5 6. Bb5+ Bd7 7. Bxd7+ Nbxd7 8.
O-O e6 9. Qe1 O-O 10. d3 b5 11. Nbd2 Qb6 12. Rb1 a5 13. Qh4 Rfc8 14. Ne5 d4 15.
Ndf3 dxe3 16. Ng5 c4 17. Nxd7 1-0

[Event "Thüringenliga 2012/2013"]
[Site "?"]
[Date "2013.02.17"]
[Round "7"]
[White "Strauch, Martin"]
[Black "Stiefel, Roland"]
[Result "0-1"]
[WhiteElo "1772"]
[BlackElo "1995"]
[PlyCount "224"]
[EventDate "2013.??.??"]
[WhiteTeam "SV Empor Erfurt"]
[BlackTeam "SSV Vimaria 91 Weimar"]

1. e4 c5 2. Nf3 a6 3. c3 e6 4. d4 d5 5. exd5 Qxd5 6. Bd3 Nf6 7. O-O Be7 8. dxc5
Bxc5 9. b4 Be7 10. c4 Qh5 11. Re1 Nbd7 12. Qa4 O-O 13. c5 Nd5 14. Bb2 Qg4 15.
Be4 Nf4 16. Nfd2 Nf6 17. Qd1 Qg5 18. Qf3 N6d5 19. Bxd5 Nxd5 20. Ne4 Qg6 21. a3
Bd7 22. Nbd2 Bc6 23. Qg3 Qxg3 24. hxg3 a5 25. Bc3 Nxc3 26. Nxc3 Bf6 27. Rac1
axb4 28. axb4 Ra3 29. Nce4 Bd4 30. Nf3 Bb2 31. Rb1 Bc3 32. Re3 Bxe4 33. Rxe4
Ra2 34. b5 Rc8 35. c6 bxc6 36. bxc6 Kf8 37. Rc4 Rb2 38. Rd1 Bf6 39. Nd4 Rb6 40.
c7 Rb7 41. Rdc1 Bxd4 42. Rxd4 Rbxc7 43. Rxc7 Rxc7 44. g4 Ke7 45. Kh2 e5 46. Rd2
Ke6 47. Kg3 Rc3+ 48. f3 Rc4 49. Rd8 Rd4 50. Ra8 h6 51. Rg8 Kf6 52. Re8 Rd2 53.
Ra8 Rd6 54. Ra4 Kg6 55. Rb4 f6 56. Rb5 Rd4 57. Kf2 Ra4 58. Rc5 Ra2+ 59. Kg3 Re2
60. Rc4 Kh7 61. Rc7 Kg6 62. Rc4 Rd2 63. Rc8 Rd7 64. Rc4 Kf7 65. Rc8 Ke6 66. Rc1
Rb7 67. Rd1 Rb4 68. Rd8 Rd4 69. Re8+ Kf7 70. Rb8 g5 71. Rb7+ Kg6 72. Re7 h5 73.
gxh5+ Kxh5 74. Re8 Kg6 75. Rg8+ Kf5 76. Ra8 e4 77. Ra5+ Kg6 78. fxe4 Rxe4 79.
Kf3 Rf4+ 80. Kg3 Rd4 81. Kf3 f5 82. Ra6+ Kh5 83. Rf6 Rf4+ 84. Kg3 Rg4+ 85. Kf3
f4 86. Rf8 Rg3+ 87. Kf2 Rc3 88. Rd8 Kg4 89. Rd4 Rc2+ 90. Kf1 Kg3 91. Rd3+ Kh4
92. Rh3+ Kg4 93. Rd3 Kh5 94. Rh3+ Kg6 95. Ra3 g4 96. Ra5 g3 97. Rb5 Kf6 98. Rb8
Rf2+ 99. Kg1 Kf5 100. Re8 Rd2 101. Kf1 Kg4 102. Rg8+ Kh4 103. Rh8+ Kg5 104.
Rg8+ Kf6 105. Rf8+ Ke5 106. Re8+ Kf5 107. Re7 Rf2+ 108. Kg1 f3 109. Rf7+ Ke4
110. gxf3+ Ke3 111. f4 Kf3 112. f5 Rd2 0-1

[Event "Thüringenliga 2012/2013"]
[Site "?"]
[Date "2013.02.17"]
[Round "7"]
[White "Gulich, Christian"]
[Black "Trautmann, Johannes"]
[Result "1/2-1/2"]
[WhiteElo "1965"]
[BlackElo "1739"]
[PlyCount "40"]
[EventDate "2013.??.??"]
[WhiteTeam "SSV Vimaria 91 Weimar"]
[BlackTeam "SV Empor Erfurt"]

1. e4 c5 2. Nf3 Nc6 3. d4 cxd4 4. Nxd4 Nf6 5. Nc3 g6 6. Nxc6 dxc6 7. Qxd8+ Kxd8
8. Bc4 Ke8 9. a4 e5 10. O-O Bc5 11. h3 h6 12. Bd2 Ke7 13. Rad1 Be6 14. Bxe6
Kxe6 15. Bc1 h5 16. Rd3 Rhd8 17. Rfd1 Rxd3 18. Rxd3 Bd4 19. Ne2 Bb6 20. Nc3 Bd4
1/2-1/2

[Event "Thüringenliga 2012/2013"]
[Site "?"]
[Date "2013.02.17"]
[Round "7"]
[White "Nicolai, Tim"]
[Black "Scheitz, Michael"]
[Result "0-1"]
[WhiteElo "1648"]
[BlackElo "1854"]
[PlyCount "72"]
[EventDate "2013.??.??"]
[WhiteTeam "SV Empor Erfurt"]
[BlackTeam "SSV Vimaria 91 Weimar"]

1. e4 e5 2. Nf3 Nc6 3. Bc4 Nf6 4. d3 h6 5. h3 d6 6. c3 g6 7. Bb3 Bg7 8. Nbd2
O-O 9. g4 d5 10. Qe2 a5 11. Nf1 a4 12. Bc2 a3 13. b3 b6 14. g5 hxg5 15. Bxg5
Qd6 16. O-O-O Nh7 17. exd5 Nxg5 18. Nxg5 Bh6 19. h4 Ne7 20. f4 exf4 21. Qh2 Bg4
22. Re1 Nxd5 23. Ne4 Qe5 24. d4 f3+ 25. Nfd2 Qxh2 26. Rxh2 f5 27. Nf2 Nxc3 28.
Nxg4 Nxa2+ 29. Kb1 Nc3+ 30. Ka1 fxg4 31. Nf1 Rae8 32. Re5 Rxe5 33. dxe5 Bf4 34.
Bxg6 Bxh2 35. Nxh2 f2 36. Nf1 g3 0-1

[Event "Thüringenliga 2012/2013"]
[Site "?"]
[Date "2013.02.17"]
[Round "7"]
[White "Gräf, Michael"]
[Black "Thiemann, Jürgen"]
[Result "1-0"]
[WhiteElo "1843"]
[BlackElo "1702"]
[PlyCount "55"]
[EventDate "2013.??.??"]
[WhiteTeam "SSV Vimaria 91 Weimar"]
[BlackTeam "SV Empor Erfurt"]

1. d4 d5 2. Nf3 e6 3. e3 Nf6 4. Bd3 c5 5. c3 Nc6 6. Nbd2 Bd6 7. O-O O-O 8. Qe2
c4 9. Bc2 e5 10. dxe5 Nxe5 11. Nxe5 Bxe5 12. Nf3 Bc7 13. h3 Qd6 14. b3 Ne4 15.
bxc4 Ng5 16. Rd1 Nxf3+ 17. Qxf3 Qh2+ 18. Kf1 dxc4 19. Qe4 g6 20. Qf3 Rb8 21.
Be4 Qe5 22. Rb1 Qg7 23. Ba3 Re8 24. Bxb7 Be5 25. Qc6 Be6 26. Ba6 Rbd8 27. Rxd8
Rxd8 28. Be7 1-0

[Event "Thüringenliga 2012/2013"]
[Site "?"]
[Date "2013.03.24"]
[Round "8"]
[White "Albrecht, Jürgen"]
[Black "Reichardt, Hans-Ulrich"]
[Result "1-0"]
[WhiteElo "2046"]
[BlackElo "1682"]
[PlyCount "55"]
[EventDate "2013.??.??"]
[WhiteTeam "SSV Vimaria 91 Weimar"]
[BlackTeam "SC 51 Nordhausen"]

1. e4 e6 2. d4 d5 3. Nd2 Nf6 4. e5 Ne4 5. Nxe4 dxe4 6. Bc4 Nd7 7. Ne2 c5 8. c3
cxd4 9. cxd4 Nb6 10. Bb3 Bb4+ 11. Bd2 Nd5 12. O-O Bxd2 13. Qxd2 Bd7 14. Ng3 f5
15. exf6 Nxf6 16. Rfe1 O-O 17. Nxe4 Kh8 18. Nc5 Qb6 19. Nxd7 Nxd7 20. Rxe6 Qb5
21. Rae1 Qf5 22. Re7 Nf6 23. f3 Rad8 24. Rxb7 Rfe8 25. Rbe7 Rxe7 26. Rxe7 Qb1+
27. Re1 Rxd4 28. Qe3 1-0

[Event "Thüringenliga 2012/2013"]
[Site "?"]
[Date "2013.03.24"]
[Round "8"]
[White "Viererbe, Hartmut"]
[Black "Philipp, Michael"]
[Result "0-1"]
[WhiteElo "1607"]
[BlackElo "1972"]
[PlyCount "66"]
[EventDate "2013.??.??"]
[WhiteTeam "SC 51 Nordhausen"]
[BlackTeam "SSV Vimaria 91 Weimar"]

1. Nf3 f5 2. d4 g6 3. c4 Bg7 4. Nc3 Nf6 5. Bg5 O-O 6. e3 d6 7. Be2 Nc6 8. O-O
h6 9. Bxf6 Bxf6 10. Re1 e5 11. d5 Ne7 12. b4 g5 13. h3 c5 14. bxc5 e4 15. Nd4
dxc5 16. Ndb5 a6 17. d6 Nc6 18. Qd5+ Kh8 19. Nc7 Bxc3 20. Nxa8 Bxa1 21. Rxa1
Qf6 22. Rd1 Be6 23. Qxc5 Rxa8 24. Qb6 Rb8 25. a4 g4 26. hxg4 fxg4 27. c5 Rf8
28. Rf1 Rf7 29. Bxa6 bxa6 30. Qxc6 Bc4 31. d7 Qxc6 32. d8=Q+ Kh7 33. Rc1 Qxc5
0-1

[Event "Thüringenliga 2012/2013"]
[Site "?"]
[Date "2013.03.24"]
[Round "8"]
[White "Peter, Ralf"]
[Black "Gräf, Michael"]
[Result "1/2-1/2"]
[WhiteElo "1567"]
[BlackElo "1843"]
[PlyCount "41"]
[EventDate "2013.??.??"]
[WhiteTeam "SC 51 Nordhausen"]
[BlackTeam "SSV Vimaria 91 Weimar"]

1. e4 e6 2. d4 d5 3. exd5 exd5 4. Nf3 Bd6 5. c3 Ne7 6. Bd3 Bf5 7. O-O O-O 8.
Re1 f6 9. Nh4 Bxd3 10. Qxd3 Qd7 11. b3 Qg4 12. Nf3 Ng6 13. h3 Qh5 14. c4 Nc6
15. Nc3 Nb4 16. Qd1 c6 17. a3 Na6 18. Ne2 Rae8 19. Ng3 Bxg3 20. fxg3 Qf5 21.
Bd2 1/2-1/2

[Event "Thüringenliga 2012/2013"]
[Site "?"]
[Date "2013.03.24"]
[Round "8"]
[White "Siebarth, Raiko"]
[Black "Buring, Matthias"]
[Result "1-0"]
[WhiteElo "2269"]
[BlackElo "2046"]
[PlyCount "63"]
[EventDate "2013.??.??"]
[WhiteTeam "SG Blau-Weiß Stadtilm"]
[BlackTeam "SG Arnstadt-Stadtilm"]

1. e4 e5 2. Nf3 d6 3. d4 exd4 4. Nxd4 Nf6 5. Nc3 Be7 6. Bc4 O-O 7. O-O a6 8. a4
c5 9. Nde2 Nc6 10. Nf4 Bd7 11. f3 Nd4 12. a5 Bb5 13. Bxb5 Nxb5 14. Ncd5 Rc8 15.
Be3 Nxd5 16. Nxd5 Bf6 17. Nxf6+ Qxf6 18. c3 Qe6 19. Qd5 Rc6 20. Rad1 Nc7 21.
Qg5 f5 22. Rfe1 fxe4 23. Bf4 Qf6 24. Rxe4 d5 25. Re7 Ne6 26. Qxf6 gxf6 27. Bh6
Rd8 28. Re1 Rdd6 29. f4 f5 30. Re3 Nc7 31. Rg7+ Kh8 32. Rxc7 1-0

[Event "Thüringenliga 2012/2013"]
[Site "?"]
[Date "2013.03.24"]
[Round "8"]
[White "Sauer, Marko"]
[Black "Schneider, Christian"]
[Result "0-1"]
[WhiteElo "1989"]
[BlackElo "2181"]
[PlyCount "96"]
[EventDate "2013.??.??"]
[WhiteTeam "SG Arnstadt-Stadtilm"]
[BlackTeam "SG Blau-Weiß Stadtilm"]

1. d4 Nf6 2. Nf3 e6 3. c4 Bb4+ 4. Bd2 Qe7 5. Qb3 a5 6. a3 Bxd2+ 7. Nfxd2 O-O 8.
e3 d6 9. Be2 e5 10. dxe5 dxe5 11. Nc3 c6 12. O-O Na6 13. Qc2 Nc5 14. b4 axb4
15. axb4 Rxa1 16. Rxa1 Na6 17. b5 Nc5 18. bxc6 bxc6 19. Bf3 Qd6 20. Rd1 Qc7 21.
Na4 Bf5 22. Qxf5 Nxa4 23. Ne4 Nxe4 24. Bxe4 g6 25. Qd7 Qxd7 26. Rxd7 Nc5 27.
Rc7 Nxe4 28. f3 Nc5 29. Rxc6 Ne6 30. Kf2 Ra8 31. h4 Ra2+ 32. Kf1 Rc2 33. g3 Kg7
34. Rc8 h5 35. e4 Nd4 36. f4 exf4 37. gxf4 Nf3 38. c5 Nd2+ 39. Ke1 Nxe4 40. c6
Nd6 41. Rc7 Kf6 42. Kd1 Rc4 43. Ke2 Rxf4 44. Ra7 Rc4 45. Ra6 Ke6 46. Kd3 Kd5
47. Ra5+ Kxc6 48. Ra6+ Kd5 0-1

[Event "Thüringenliga 2012/2013"]
[Site "?"]
[Date "2013.03.24"]
[Round "8"]
[White "George, Tom"]
[Black "Widmann, Benjamin"]
[Result "1-0"]
[WhiteElo "1877"]
[BlackElo "1853"]
[PlyCount "43"]
[EventDate "2013.??.??"]
[WhiteTeam "SG Blau-Weiß Stadtilm"]
[BlackTeam "SG Arnstadt-Stadtilm"]

1. e4 c5 2. Nf3 Nc6 3. Bb5 g6 4. O-O Bg7 5. Re1 a6 6. Bxc6 bxc6 7. d3 d6 8. h3
e6 9. Nc3 Ne7 10. Be3 Qa5 11. Qd2 d5 12. Bh6 Bxh6 13. Qxh6 Qb4 14. Rab1 d4 15.
a3 Qa5 16. Ne2 Bb7 17. Qg7 Rg8 18. Qxh7 f6 19. e5 Rf8 20. exf6 Rxf6 21. Ng5 Qd2
22. Ne4 1-0

[Event "Thüringenliga 2012/2013"]
[Site "?"]
[Date "2013.03.24"]
[Round "8"]
[White "Schätz, Bianca"]
[Black "Siebarth, Marco"]
[Result "0-1"]
[WhiteElo "1880"]
[BlackElo "1983"]
[PlyCount "70"]
[EventDate "2013.??.??"]
[WhiteTeam "SG Arnstadt-Stadtilm"]
[BlackTeam "SG Blau-Weiß Stadtilm"]

1. e4 c5 2. Nf3 Nc6 3. d4 cxd4 4. Nxd4 Nf6 5. Nc3 e5 6. Ndb5 d6 7. Bg5 a6 8.
Na3 b5 9. Nd5 Be7 10. Bxf6 Bxf6 11. c3 Ne7 12. Nxf6+ gxf6 13. Qf3 f5 14. exf5
Bxf5 15. Bd3 Bg6 16. Bxg6 hxg6 17. Qf6 O-O 18. Rd1 Nf5 19. Qxd8 Rfxd8 20. O-O
d5 21. Rd2 f6 22. Rfd1 Ne7 23. Nc2 Kf7 24. Ne3 Ke6 25. g3 Rac8 26. Ng2 g5 27.
f4 gxf4 28. gxf4 Nf5 29. fxe5 fxe5 30. Re2 Rg8 31. Kf1 Rc4 32. Ke1 Rcg4 33.
Rdd2 Nd6 34. Kd1 Nc4 35. Rc2 Rxg2 0-1

[Event "Thüringenliga 2012/2013"]
[Site "?"]
[Date "2013.03.24"]
[Round "8"]
[White "Berner, Stephan"]
[Black "Bächer, Reinhard"]
[Result "1-0"]
[WhiteElo "1836"]
[BlackElo "1852"]
[PlyCount "63"]
[EventDate "2013.??.??"]
[WhiteTeam "SG Blau-Weiß Stadtilm"]
[BlackTeam "SG Arnstadt-Stadtilm"]

1. e4 c6 2. Nc3 d5 3. d4 dxe4 4. Nxe4 Nd7 5. Bc4 Ngf6 6. Ng5 e6 7. N1f3 h6 8.
Nh3 g5 9. Bxg5 hxg5 10. Nhxg5 Bh6 11. O-O Nd5 12. Ne4 N7b6 13. Bb3 Bf4 14. g3
Bh6 15. Re1 Nf6 16. Neg5 Nbd5 17. c4 Nc7 18. Qd3 Bxg5 19. Nxg5 Ng4 20. h4 Qf6
21. Ne4 Qg7 22. Qf3 Rh6 23. Rad1 Kf8 24. Ng5 Nf6 25. Qf4 Nce8 26. d5 cxd5 27.
cxd5 Nxd5 28. Bxd5 exd5 29. Rxd5 Qf6 30. Nh7+ Rxh7 31. Rxe8+ Kg7 32. Rg5+ 1-0

[Event "Thüringenliga 2012/2013"]
[Site "?"]
[Date "2013.03.24"]
[Round "8"]
[White "Schumacher, Andreas"]
[Black "Schröter, Maik"]
[Result "1/2-1/2"]
[WhiteElo "1686"]
[BlackElo "1710"]
[PlyCount "80"]
[EventDate "2013.??.??"]
[WhiteTeam "SG Arnstadt-Stadtilm"]
[BlackTeam "SG Blau-Weiß Stadtilm"]

1. d4 Nf6 2. c4 e6 3. Nc3 b6 4. f3 Bb4 5. Bd2 O-O 6. e4 Bxc3 7. bxc3 Nxe4 8.
fxe4 Qh4+ 9. Ke2 Qxe4+ 10. Kf2 Bb7 11. Nf3 Qf5 12. Be2 e5 13. Kg1 e4 14. Ne1
Qe6 15. Be3 f5 16. g3 h6 17. Ng2 g5 18. Qd2 Qg6 19. Rf1 f4 20. Bxf4 gxf4 21.
Rxf4 Rxf4 22. Qxf4 Na6 23. Ne3 Rf8 24. Qg4 Qxg4 25. Bxg4 Kg7 26. Kg2 d6 27. Re1
Kg6 28. Nd5 Bxd5 29. cxd5 h5 30. Be6 Rf3 31. Rc1 Rd3 32. Rc2 Kf6 33. h3 e3 34.
Kf1 e2+ 35. Kxe2 Rxg3 36. Kf2 h4 37. Bg4 b5 38. Ke1 Rg1+ 39. Kf2 Rg3 40. Bc8
Nb8 1/2-1/2

[Event "Thüringenliga 2012/2013"]
[Site "?"]
[Date "2013.03.24"]
[Round "8"]
[White "Werner, Justus"]
[Black "Hattendorf, Jens"]
[Result "1/2-1/2"]
[WhiteElo "1670"]
[BlackElo "1892"]
[PlyCount "62"]
[EventDate "2013.??.??"]
[WhiteTeam "SG Blau-Weiß Stadtilm"]
[BlackTeam "SG Arnstadt-Stadtilm"]

1. c4 e5 2. Nc3 Nc6 3. g3 g6 4. Bg2 Bg7 5. e3 d6 6. Nge2 f5 7. O-O Nf6 8. d4
O-O 9. b3 Ne7 10. dxe5 dxe5 11. Ba3 Bd7 12. Bxb7 Rb8 13. Bg2 Qe8 14. Qc2 Qf7
15. Rad1 Rfd8 16. Rd2 e4 17. Rfd1 Nc6 18. Nb5 Rbc8 19. Nbd4 Ne5 20. f3 c5 21.
Nb5 exf3 22. Nd6 Qe7 23. Nxc8 Rxc8 24. Bh1 Neg4 25. Nf4 Qxe3+ 26. Kf1 f2 27.
Rxf2 Qxf2+ 28. Qxf2 Nxf2 29. Kxf2 Ng4+ 30. Ke2 Re8+ 31. Kd2 Ne3 1/2-1/2

[Event "Thüringenliga 2012/2013"]
[Site "?"]
[Date "2013.03.24"]
[Round "8"]
[White "Walter, Bernd"]
[Black "Schmidt, Daniel"]
[Result "0-1"]
[WhiteElo "1812"]
[BlackElo "1679"]
[PlyCount "76"]
[EventDate "2013.??.??"]
[WhiteTeam "SG Arnstadt-Stadtilm"]
[BlackTeam "SG Blau-Weiß Stadtilm"]

1. e4 c5 2. Nf3 d6 3. Bb5+ Bd7 4. Bxd7+ Qxd7 5. O-O Nc6 6. c3 Nf6 7. Re1 g6 8.
d3 Bg7 9. h3 O-O 10. Be3 a6 11. a4 b5 12. Nbd2 Qb7 13. e5 Nd5 14. exd6 exd6 15.
Qb3 Na5 16. Qc2 b4 17. Nc4 Nxc4 18. dxc4 Nxe3 19. Rxe3 bxc3 20. bxc3 Rfe8 21.
Rae1 Qc6 22. Qd1 Rxe3 23. Rxe3 Bf8 24. h4 Re8 25. Rxe8 Qxe8 26. Kf1 Qe4 27. Qb3
h5 28. Kg1 Kg7 29. Kf1 Be7 30. Qa2 Bxh4 31. Nxh4 Qxh4 32. f3 Qf6 33. Qd2 Qe5
34. Kf2 g5 35. Qb2 g4 36. Qb7 g3+ 37. Kf1 Qxc3 38. Qd5 Qe3 0-1

[Event "Thüringenliga 2012/2013"]
[Site "?"]
[Date "2013.03.24"]
[Round "8"]
[White "Krüger, Rainer"]
[Black "du Maire, Jérôme"]
[Result "0-1"]
[WhiteElo "2088"]
[BlackElo "1985"]
[PlyCount "86"]
[EventDate "2013.??.??"]
[WhiteTeam "ESV Lok Sömmerda"]
[BlackTeam "SV 1861 Liebschwitz"]

1. Nf3 d5 2. d4 Nf6 3. c4 e6 4. g3 Be7 5. Bg2 O-O 6. O-O dxc4 7. Qc2 a6 8. a4
Bd7 9. Qxc4 Bc6 10. Nbd2 Nbd7 11. Qc2 Nd5 12. Nc4 Nb4 13. Qd1 Bd5 14. Ne3 Be4
15. Bd2 a5 16. Bc3 Nb6 17. Qd2 N6d5 18. Rac1 Na2 19. Ra1 Naxc3 20. bxc3 c5 21.
Rfd1 Qc7 22. Nxd5 Bxd5 23. Ne5 Bb3 24. Rdb1 c4 25. Nd3 Ra6 26. Nc1 Rb6 27. Be4
Rd8 28. Rb2 Rdd6 29. Qf4 Bf6 30. Rab1 e5 31. dxe5 Bxe5 32. Qh4 Bxc3 33. Qxh7+
Kf8 34. Nxb3 Bxb2 35. Nxa5 Bf6 36. Qh8+ Ke7 37. Rc1 c3 38. Nxb7 Rxb7 39. Bxb7
Qxb7 40. Qh7 g6 41. Qh6 Qe4 42. a5 c2 43. h4 Rd1+ 0-1

[Event "Thüringenliga 2012/2013"]
[Site "?"]
[Date "2013.03.24"]
[Round "8"]
[White "Hermannsdörfer, Frank"]
[Black "Wanzek, Daniel"]
[Result "1/2-1/2"]
[WhiteElo "2137"]
[BlackElo "2113"]
[PlyCount "58"]
[EventDate "2013.??.??"]
[WhiteTeam "SV 1861 Liebschwitz"]
[BlackTeam "ESV Lok Sömmerda"]

1. b3 e5 2. Bb2 Nc6 3. e3 g6 4. f4 Bg7 5. Bb5 Nge7 6. Nf3 d6 7. O-O O-O 8. fxe5
dxe5 9. Nc3 e4 10. Ng5 Bf5 11. Ba3 Bxc3 12. dxc3 Re8 13. Qxd8 Raxd8 14. g4 h6
15. Nxf7 Kxf7 16. Bxe7 Kxe7 17. Bxc6 bxc6 18. gxf5 gxf5 19. Rf2 Rg8+ 20. Kh1
Ke6 21. Raf1 Rg5 22. c4 Rdg8 23. Rd2 h5 24. b4 h4 25. b5 h3 26. Rdf2 Rd8 27. a4
Rdg8 28. a5 Rb8 29. Rb1 Rd8 1/2-1/2

[Event "Thüringenliga 2012/2013"]
[Site "?"]
[Date "2013.03.24"]
[Round "8"]
[White "Siegemund, Joachim"]
[Black "Zeidler, Andreas"]
[Result "0-1"]
[WhiteElo "2033"]
[BlackElo "2104"]
[PlyCount "142"]
[EventDate "2013.??.??"]
[WhiteTeam "ESV Lok Sömmerda"]
[BlackTeam "SV 1861 Liebschwitz"]

1. c4 Nf6 2. Nc3 e5 3. Nf3 Nc6 4. g3 d6 5. d4 Bg4 6. Bg2 Bxf3 7. Bxf3 Nxd4 8.
Bxb7 Rb8 9. Bg2 Qd7 10. e3 Ne6 11. Nd5 Nxd5 12. Qxd5 Be7 13. b3 O-O 14. O-O f5
15. Qc6 Qxc6 16. Bxc6 Nc5 17. Ba3 Nd3 18. Bd5+ Kh8 19. Rad1 Nb4 20. Rd2 a5 21.
Bg2 e4 22. f3 Bg5 23. Re1 Nd3 24. Ree2 exf3 25. Bxf3 Ne5 26. Kg2 a4 27. bxa4
Nxc4 28. Rd3 Ne5 29. Rd5 Nc4 30. Rd3 Rfe8 31. Kf2 Ne5 32. Rd5 Kg8 33. h3 g6 34.
Bb2 Nc4 35. Rb5 Rxb5 36. axb5 Nxb2 37. Bd5+ Kf8 38. Rxb2 Bxe3+ 39. Kf3 Bb6 40.
Rb3 Re5 41. Bc6 Ke7 42. Ra3 g5 43. Ra8 Re3+ 44. Kg2 Re2+ 45. Kf1 Rf2+ 46. Ke1
Rh2 47. a4 Ra2 48. Bd5 Ra3 49. Kd2 Kf6 50. Kc2 Ke5 51. Bb3 Ra1 52. Kd3 f4 53.
Re8+ Kf6 54. Rf8+ Kg7 55. Rg8+ Kh6 56. gxf4 gxf4 57. Ke4 f3 58. Bc4 Rxa4 59.
Kd5 f2 60. Rf8 Ra3 61. h4 Rh3 62. Rf4 Rh1 63. Ke4 Kg6 64. Bf7+ Kg7 65. Bc4 Re1+
66. Kf5 h5 67. Rf3 Re5+ 68. Kf4 Kf6 69. Bd3 Ke6 70. Rg3 Kd5 71. Rg5 Be3+ 0-1

[Event "Thüringenliga 2012/2013"]
[Site "?"]
[Date "2013.03.24"]
[Round "8"]
[White "Gerhardt, Frank"]
[Black "Kalisch, Michael"]
[Result "0-1"]
[WhiteElo "2014"]
[BlackElo "1936"]
[PlyCount "88"]
[EventDate "2013.??.??"]
[WhiteTeam "SV 1861 Liebschwitz"]
[BlackTeam "ESV Lok Sömmerda"]

1. e4 c6 2. d4 d5 3. e5 Bf5 4. Nf3 e6 5. Be2 c5 6. Be3 Nc6 7. O-O cxd4 8. Nxd4
Nxd4 9. Qxd4 Ne7 10. Qa4+ Nc6 11. c4 dxc4 12. Bxc4 Be7 13. Nc3 O-O 14. Rfd1 Qc7
15. f4 a6 16. Bd3 b5 17. Qb3 Na5 18. Qc2 Bxd3 19. Qxd3 Nc4 20. Bc1 Rfd8 21. Qe2
Rxd1+ 22. Nxd1 Qc5+ 23. Kf1 Qd4 24. Be3 Nxe3+ 25. Qxe3 Qc4+ 26. Ke1 Bc5 27. Qf3
Rd8 28. Nc3 Rd3 29. Qa8+ Bf8 30. Rd1 Re3+ 31. Kd2 Qxf4 32. Kc2 Qf5+ 33. Kc1
Rxe5 34. Rd8 Re1+ 35. Nd1 Qc5+ 36. Kd2 Re5 37. Qxa6 Rd5+ 38. Rxd5 Qxd5+ 39. Kc2
Qxg2+ 40. Kc1 Qg5+ 41. Kb1 Qf5+ 42. Kc1 Qf4+ 43. Kb1 Qe4+ 44. Kc1 g6 0-1

[Event "Thüringenliga 2012/2013"]
[Site "?"]
[Date "2013.03.24"]
[Round "8"]
[White "Kühn, Karsten"]
[Black "Kastner, Peter"]
[Result "1-0"]
[WhiteElo "1967"]
[BlackElo "1963"]
[PlyCount "59"]
[EventDate "2013.??.??"]
[WhiteTeam "ESV Lok Sömmerda"]
[BlackTeam "SV 1861 Liebschwitz"]

1. e4 c5 2. Nc3 Nc6 3. f4 d6 4. Nf3 g6 5. Bb5 Bg7 6. Bxc6+ bxc6 7. O-O Nf6 8.
d3 O-O 9. Qe1 Bg4 10. Qh4 Bxf3 11. Rxf3 Qd7 12. f5 Rab8 13. Rb1 Nh5 14. Ne2 d5
15. exd5 cxd5 16. c3 Bf6 17. Bg5 Bxg5 18. Qxg5 Qa4 19. fxg6 hxg6 20. Nf4 Nxf4
21. Rxf4 Qc2 22. Rbf1 Rxb2 23. Qxd5 e6 24. Qf3 Rxa2 25. h4 Qe2 26. Qg3 Rd2 27.
Qxg6+ Kh8 28. Qh6+ Kg8 29. Qg5+ Kh7 30. Rxf7+ 1-0

[Event "Thüringenliga 2012/2013"]
[Site "?"]
[Date "2013.03.24"]
[Round "8"]
[White "Kirste, Olaf"]
[Black "Biel, Maik"]
[Result "0-1"]
[WhiteElo "1934"]
[BlackElo "1968"]
[PlyCount "78"]
[EventDate "2013.??.??"]
[WhiteTeam "ESV Lok Sömmerda"]
[BlackTeam "SV 1861 Liebschwitz"]

1. c4 Nf6 2. Nc3 d5 3. d4 g6 4. Nf3 Bg7 5. e3 O-O 6. Bd3 c5 7. O-O Nc6 8. dxc5
dxc4 9. Bxc4 Qa5 10. Qe2 Qxc5 11. Bd2 Bg4 12. Bb3 Ne5 13. Bd1 Nxf3+ 14. gxf3
Bh3 15. Qb5 Qxb5 16. Nxb5 Bxf1 17. Kxf1 a6 18. Nd4 Nd5 19. Bb3 e6 20. Rc1 Rac8
21. Rxc8 Rxc8 22. Ke2 Be5 23. h3 Kf8 24. Kd3 Bd6 25. a3 b5 26. f4 Nb6 27. Bd1
e5 28. fxe5 Bxe5 29. Bf3 Na4 30. Bb4+ Nc5+ 31. Ke2 Kg7 32. Nc6 Bd6 33. Bc3+ f6
34. Bd5 Na4 35. Bd4 Bc5 36. b3 Bxd4 37. bxa4 Bb2 38. axb5 axb5 39. Na7 Rc7 0-1

[Event "Thüringenliga 2012/2013"]
[Site "?"]
[Date "2013.03.24"]
[Round "8"]
[White "Meissner, Steffen"]
[Black "Berger, Nils"]
[Result "1-0"]
[WhiteElo "1794"]
[BlackElo "1560"]
[PlyCount "57"]
[EventDate "2013.??.??"]
[WhiteTeam "SV 1861 Liebschwitz"]
[BlackTeam "ESV Lok Sömmerda"]

1. e4 e6 2. d3 d5 3. Nd2 Nf6 4. Ngf3 c5 5. g3 Nc6 6. Bg2 Be7 7. O-O O-O 8. Re1
Re8 9. e5 Nd7 10. Nf1 f6 11. exf6 Nxf6 12. Bg5 h6 13. Bd2 Bd6 14. Bc1 e5 15.
N3d2 Bg4 16. Bxd5+ Nxd5 17. Qxg4 Nd4 18. Ne3 Nxe3 19. fxe3 Nxc2 20. Qc4+ Kh8
21. Qxc2 Qc7 22. Ne4 Be7 23. b3 Bf6 24. Bb2 Rac8 25. Qc4 Red8 26. Rf1 Qe7 27.
Nxf6 gxf6 28. Qe4 Rg8 29. Rxf6 1-0

[Event "Thüringenliga 2012/2013"]
[Site "?"]
[Date "2013.03.24"]
[Round "8"]
[White "Mehlhorn, Uwe"]
[Black "Pichl, Michael"]
[Result "1-0"]
[WhiteElo "2104"]
[BlackElo "1978"]
[PlyCount "111"]
[EventDate "2013.??.??"]
[WhiteTeam "Ilmenauer SV"]
[BlackTeam "SV Empor Erfurt"]

1. b3 d5 2. Bb2 Bg4 3. f3 Bh5 4. e3 e6 5. Be2 Nf6 6. f4 Bxe2 7. Qxe2 Nbd7 8.
Nf3 Bd6 9. d3 O-O 10. Nbd2 c6 11. Ne5 Qc7 12. Ndf3 Ne8 13. O-O f6 14. Nxd7 Qxd7
15. Nh4 Qc7 16. Kh1 f5 17. g4 Qe7 18. g5 e5 19. Qg2 g6 20. Rae1 exf4 21. exf4
Qc7 22. Be5 Ng7 23. Nf3 Rae8 24. c4 dxc4 25. bxc4 Ne6 26. Qd2 c5 27. Bxd6 Qxd6
28. Re5 Rd8 29. Qe3 Ng7 30. Rd5 Qb6 31. Qxc5 Qxc5 32. Rxc5 Rxd3 33. Rc7 Rb8 34.
Ne5 Ra3 35. Nd7 Rd8 36. Rxb7 Rxa2 37. c5 Rc8 38. Re1 Nh5 39. Rc1 Nxf4 40. Nf6+
Kf8 41. Nxh7+ Kg8 42. Nf6+ Kf8 43. h4 Ne2 44. Rcb1 Ng3+ 45. Kg1 Ne2+ 46. Kf1
Ng3+ 47. Ke1 Rh2 48. Rb8 Rxb8 49. Rxb8+ Kf7 50. Nd5 Rc2 51. Rb7+ Ke6 52. Nf4+
Ke5 53. Nxg6+ Kd4 54. Rxa7 Rxc5 55. Ra4+ Kc3 56. Ra3+ 1-0

[Event "Thüringenliga 2012/2013"]
[Site "?"]
[Date "2013.03.24"]
[Round "8"]
[White "Taudte, Stefan"]
[Black "Sukaylo, Aleksey"]
[Result "1/2-1/2"]
[WhiteElo "1979"]
[BlackElo "2094"]
[PlyCount "35"]
[EventDate "2013.??.??"]
[WhiteTeam "SV Empor Erfurt"]
[BlackTeam "Ilmenauer SV"]

1. d4 Nf6 2. c4 c5 3. d5 e5 4. Nc3 d6 5. e4 Be7 6. Bd3 Nbd7 7. g4 h6 8. f3 Nh7
9. Nge2 Ng5 10. Ng3 Nh3 11. Nf5 Bh4+ 12. Nxh4 Qxh4+ 13. Kd2 h5 14. gxh5 Rxh5
15. Qf1 Nb6 16. Kc2 Bd7 17. a4 a5 18. Bd2 1/2-1/2